[Event "Tournoi Skype 028A"]
[Site "Skype"]
[Date "????.??.??"]
[Round "5.5"]
[White "Rosales, Jhon Mike"]
[Black "Figueroa, Tomas"]
[Result "0-1"]
[WhiteElo "1690"]
[BlackElo "2093"]
[PlyCount "66"]

1. e4 e6 2. Nf3 d5 3. e5 c5 4. c3 Nc6 5. d4 Qb6 6. Bd3 Bd7 7. Bc2 cxd4 8. cxd4
Nb4 9. O-O Nxc2 10. Qxc2 Rc8 11. Qb3 Qa6 12. Nc3 Ne7 13. g4 h5 14. g5 Nf5 15.
Bf4 Be7 16. h4 O-O 17. a3 Rc4 18. Qd1 Qb6 19. Be3 Qxb2 20. Ne2 Ba4 21. Qb1 Qxe2
22. Ne1 Nxe3 23. fxe3 Bxg5 24. hxg5 Bc2 25. Qa2 Qxe3+ 26. Rf2 Be4 27. Qd2 Qg3+
28. Kf1 Rfc8 29. Ra2 Rc1 30. Qf4 Bd3+ 31. Rae2 Qxf4 32. Rxf4 R8c2 33. Rff2 Rd2
0-1

[Event "Tournoi Skype 028A"]
[Site "Skype"]
[Date "????.??.??"]
[Round "5.6"]
[White "Benson, Paul"]
[Black "Dal, Ibrahim"]
[Result "1-0"]
[WhiteElo "1839"]
[BlackElo "1626"]
[PlyCount "43"]

1. g3 d5 2. Bg2 Nf6 3. d3 Bf5 4. Nd2 e6 5. e4 Bg4 6. f3 Bh5 7. e5 Nfd7 8. d4 c5
9. c3 cxd4 10. cxd4 Nc6 11. Ne2 Bb4 12. a3 Be7 13. b4 Qb6 14. Nb3 a6 15. Nc5
Qc7 16. O-O Nb6 17. g4 Bg6 18. f4 Nc4 19. f5 N6xe5 20. dxe5 Nxe5 21. fxg6 Nxg4
22. gxf7+ 1-0

[Event "Tournoi Skype 028A"]
[Site "Skype"]
[Date "????.??.??"]
[Round "5.7"]
[White "Quintero Gemio, Antonio Joaquin"]
[Black "Mayor Martinez, Juan Jose"]
[Result "1/2-1/2"]
[WhiteElo "1673"]
[BlackElo "1768"]
[PlyCount "93"]

1. d4 d5 2. c4 c6 3. Nf3 Nf6 4. Qc2 g6 5. g3 Bg7 6. Bg2 O-O 7. O-O Re8 8. b3
Bf5 9. Qd1 Nbd7 10. Bb2 Qb8 11. Nbd2 Ne4 12. Nh4 Nxd2 13. Qxd2 e6 14. Nxf5 gxf5
15. Rab1 Qd8 16. Rfd1 a5 17. cxd5 cxd5 18. Rdc1 Qb6 19. e3 Rac8 20. Rxc8 Rxc8
21. Rc1 Rxc1+ 22. Qxc1 Qd8 23. f4 Bf8 24. h3 Nf6 25. Bf3 Bd6 26. Kg2 Qc7 27.
Qxc7 Bxc7 28. Ba3 Ne4 29. Bxe4 fxe4 30. Kf1 f5 31. g4 Kf7 32. Kg2 Kg6 33. Kg3
h5 34. g5 b5 35. Bc5 Bd8 36. h4 Bc7 37. Kf2 Bd8 38. Ke2 Kf7 39. Kd2 Ke8 40. Kc3
Kf7 41. Bd6 Bb6 42. a3 Bd8 43. a4 bxa4 44. bxa4 Bb6 45. Bc5 Bc7 46. Kb3 Kg6 47.
Kc3 1/2-1/2

[Event "Tournoi Skype 028A"]
[Site "Skype"]
[Date "????.??.??"]
[Round "5.8"]
[White "Grosso, Raul"]
[Black "Ortega, Elvis"]
[Result "1-0"]
[WhiteElo "1746"]
[BlackElo "1712"]
[PlyCount "81"]

1. Nf3 Nf6 2. d4 e6 3. e3 d5 4. Bd3 Be7 5. Nbd2 c5 6. c3 Nc6 7. O-O O-O 8. dxc5
Bxc5 9. b4 Be7 10. Bb2 Qc7 11. Qe2 b6 12. a3 Bb7 13. Rac1 Rac8 14. c4 Qb8 15.
cxd5 Nxd5 16. Nb3 Bf6 17. Nbd4 Ne5 18. Nxe5 Qxe5 19. Ba1 Qb8 20. Qg4 Rfd8 21.
Qh3 h6 22. Qg4 Qd6 23. Nb5 Qb8 24. Rxc8 Rxc8 25. Qe4 g6 26. Bxf6 Nxf6 27. Qd4
Nd5 28. Qh4 Kg7 29. Nd4 Rc3 30. Qe4 Ne7 31. Nxe6+ fxe6 32. Qd4+ Kf7 33. Qxc3
Qd6 34. Rc1 Qc6 35. Qxc6 Bxc6 36. b5 Be8 37. Rc7 a6 38. bxa6 Bc6 39. Bxg6+ Kf6
40. Bd3 Nd5 41. Rxc6 1-0

[Event "Tournoi Skype 028A"]
[Site "Skype"]
[Date "????.??.??"]
[Round "5.9"]
[White "Sanchez Ruiz, Piedad Esmeralda"]
[Black "Calderon, Francisco"]
[Result "1-0"]
[WhiteElo "1721"]
[BlackElo "1604"]
[PlyCount "89"]

1. e4 e5 2. Nf3 Nf6 3. Nxe5 Qe7 4. Nf3 Qxe4+ 5. Be2 d5 6. Nc3 Qe6 7. O-O Bd6 8.
d4 h6 9. Re1 O-O 10. Bd2 c6 11. Bd3 Qd7 12. Ne5 Qc7 13. Na4 Nbd7 14. f4 b5 15.
Nc3 Re8 16. h3 Nf8 17. Qf3 Ne6 18. Be3 Qb6 19. Ne2 c5 20. c3 c4 21. Bc2 a5 22.
g4 Qc7 23. g5 hxg5 24. fxg5 Nh7 25. h4 Bxe5 26. dxe5 Qxe5 27. Nd4 g6 28. Nxe6
Bxe6 29. Bf4 Qg7 30. Be5 Qf8 31. Qf4 Qc5+ 32. Bd4 Qc8 33. Qe5 f6 34. gxf6 Bf7
35. Qf4 Rxe1+ 36. Rxe1 Ra6 37. Rf1 Qf8 38. Rf2 Re6 39. h5 g5 40. Bxh7+ Kxh7 41.
Qxg5 Qh6 42. Qg7+ Qxg7+ 43. fxg7 Bxh5 44. Rf8 Re7 45. g8=Q+ 1-0

[Event "Tournoi Skype 028A"]
[Site "Skype"]
[Date "????.??.??"]
[Round "5.10"]
[White "Hilton, Stephen"]
[Black "Altinok, Selim"]
[Result "1/2-1/2"]
[WhiteElo "1865"]
[BlackElo "1536"]
[PlyCount "37"]

1. c4 Nf6 2. Nf3 d6 3. Nc3 g6 4. d4 Bg7 5. e4 O-O 6. Be2 e5 7. dxe5 dxe5 8.
Qxd8 Rxd8 9. Bg5 Re8 10. Nd5 Nxd5 11. cxd5 c6 12. Bc4 Bg4 13. Nd2 cxd5 14. Bxd5
Nc6 15. f3 Bc8 16. O-O-O Nd4 17. Nc4 Rf8 18. Kb1 h6 19. Be7 1/2-1/2

[Event "Tournoi Skype 028A"]
[Site "Skype"]
[Date "????.??.??"]
[Round "5.11"]
[White "Silvestre Da Silva, Sidnei"]
[Black "Ibarra Cantu, Raul Alberto"]
[Result "1/2-1/2"]
[WhiteElo "1566"]
[BlackElo "1967"]
[PlyCount "136"]

1. e4 c5 2. Nf3 d6 3. d4 cxd4 4. Nxd4 Nf6 5. Nc3 a6 6. Be3 e5 7. Nb3 Be6 8. f3
Be7 9. Nd5 Bxd5 10. exd5 Nbd7 11. c4 O-O 12. Bd3 Nc5 13. Nxc5 dxc5 14. Qc2 Bd6
15. O-O Qc7 16. b3 e4 17. fxe4 Bxh2+ 18. Kf2 Ng4+ 19. Ke2 Nxe3 20. Kxe3 Qg3+
21. Rf3 Qg5+ 22. Kf2 Be5 23. Rf1 Bd4+ 24. Ke1 Rae8 25. Kd1 Re5 26. Rf5 Qg4+ 27.
R1f3 Rxf5 28. exf5 Re8 29. d6 Qh4 30. Qd2 Qf6 31. d7 Rd8 32. Qe2 Qe5 33. Qxe5
Bxe5 34. Re3 f6 35. Be4 Rxd7+ 36. Bd5+ Kf8 37. Ke2 b5 38. g4 h6 39. Rd3 b4 40.
Rd2 Bd4 41. Kf3 Re7 42. Be6 a5 43. Ke4 Ra7 44. Kd5 a4 45. Kc6 axb3 46. axb3 Ra1
47. Rg2 Ra3 48. Rg3 Ra2 49. Kd5 Rc2 50. Ke4 Rc3 51. Rxc3 bxc3 52. Kd3 Ke7 53.
Bd5 Kd6 54. Bf3 Ke5 55. Bd1 h5 56. gxh5 Kxf5 57. b4 Kf4 58. bxc5 Bxc5 59. Kxc3
f5 60. Kd3 Kg3 61. Ke2 Kg2 62. Bc2 f4 63. Be4+ Kg3 64. Bf3 Bb6 65. Bd5 Kg4 66.
Bf3+ Kh4 67. Kf1 Kg3 68. Ke2 Bc5 1/2-1/2

[Event "Tournoi Skype 028A"]
[Site "Skype"]
[Date "????.??.??"]
[Round "5.12"]
[White "Grib, Johannes"]
[Black "Rico Hernandez, Edgar"]
[Result "0-1"]
[WhiteElo "1542"]
[BlackElo "1772"]
[PlyCount "52"]

1. e4 c6 2. d4 d5 3. e5 Bf5 4. Nf3 e6 5. Bd3 Bxd3 6. Qxd3 a6 7. Bg5 Be7 8. h4
h6 9. Bxe7 Nxe7 10. g4 Nd7 11. h5 c5 12. Nh4 cxd4 13. f4 Qb6 14. b3 Qb4+ 15.
Ke2 Nc5 16. Qf3 Ne4 17. a3 Qb5+ 18. Ke1 Rc8 19. Ra2 Qa5+ 20. b4 Qc7 21. Rh2 Qc4
22. Rb2 Qc7 23. Qd3 Qb6 24. a4 Nc3 25. Nxc3 dxc3 26. Rb3 Qg1+ 0-1

[Event "Tournoi Skype 028A"]
[Site "Skype"]
[Date "????.??.??"]
[Round "5.13"]
[White "Lucena Vaz, Jose"]
[Black "Teles, Jeferson Lisboa"]
[Result "0-1"]
[WhiteElo "1674"]
[BlackElo "1599"]
[PlyCount "72"]

1. e4 e6 2. d3 d5 3. Nd2 Nc6 4. Ngf3 Bc5 5. Nb3 Bb6 6. Bd2 dxe4 7. dxe4 Nf6 8.
e5 Ne4 9. Qe2 Nxf2 10. Be3 Bxe3 11. Qxe3 Nxh1 12. Bb5 O-O 13. Bxc6 bxc6 14.
Nbd2 Qd5 15. c4 Qa5 16. Nd4 Bb7 17. N4b3 Qb4 18. a3 Qe7 19. Nc5 Qh4+ 20. Ke2
Qxh2 21. Rg1 Ng3+ 22. Kd3 Rad8+ 23. Kc2 Nf5 24. Qe1 Bc8 25. Nf3 Qf4 26. Ne4
Ne3+ 27. Kb3 Rd1 28. Nf6+ gxf6 29. Qh4 Qxh4 30. Nxh4 Rxg1 31. exf6 e5 32. Kb4
Be6 33. Kc3 Rd8 34. b3 Rc1+ 35. Kb4 Bxc4 36. bxc4 Rxc4+ 0-1

[Event "Tournoi Skype 028A"]
[Site "Skype"]
[Date "????.??.??"]
[Round "5.14"]
[White "Meza, Rafael"]
[Black "Knafo, Michel"]
[Result "1-0"]
[WhiteElo "1251"]
[BlackElo "1658"]
[PlyCount "39"]

1. c4 Nf6 2. Nf3 d5 3. cxd5 Nxd5 4. Nc3 Nxc3 5. bxc3 Nc6 6. e3 Bg4 7. Be2 e6 8.
Qa4 Bd6 9. Qxg4 O-O 10. Bb2 f5 11. Qa4 a6 12. Qb3 Kh8 13. Qxe6 Rf6 14. Qb3 Na5
15. Qc2 f4 16. Ng5 Qg8 17. Bf3 g6 18. c4 Be7 19. Qc3 fxe3 20. Qxf6+ 1-0

[Event "Tournoi Skype 028A"]
[Site "Skype"]
[Date "????.??.??"]
[Round "5.15"]
[White "Lambert, Pierre"]
[Black "Trivedi, Viral"]
[Result "0-1"]
[WhiteElo "1647"]
[BlackElo "1230"]
[PlyCount "48"]

1. e4 e6 2. d4 d5 3. e5 c5 4. c3 Nc6 5. Nf3 Bd7 6. a3 cxd4 7. cxd4 Nge7 8. b4
Nf5 9. Nc3 Rc8 10. Bb2 a6 11. Rc1 Be7 12. Be2 b5 13. O-O O-O 14. Re1 Qb6 15.
Nb1 f6 16. g4 Nh6 17. h3 fxe5 18. Nxe5 Nxe5 19. dxe5 Rxc1 20. Bxc1 Qxf2+ 21.
Kh1 d4 22. Rf1 Bc6+ 23. Bf3 Bxf3+ 24. Qxf3 Qxf1+ 0-1

[Event "Tournoi Skype 028A"]
[Site "Skype"]
[Date "????.??.??"]
[Round "5.16"]
[White "Vello, Pablo"]
[Black "Mishra, Sourabh"]
[Result "1-0"]
[WhiteElo "1135"]
[BlackElo "1610"]
[PlyCount "30"]

1. d4 d5 2. Nc3 Nf6 3. Bf4 e6 4. e3 c5 5. Qf3 Nbd7 6. Be2 a6 7. g4 Nb6 8. g5
Nfd7 9. Qg3 Be7 10. Bc7 Bd6 11. Qxd6 Nc4 12. Bxc4 Qxg5 13. Bf1 Qg6 14. O-O-O
cxd4 15. Rxd4 Nf6 1-0

[Event "Tournoi Skype 028A"]
[Site "Skype"]
[Date "????.??.??"]
[Round "5.17"]
[White "Elias, Roberto"]
[Black "Rodriguez Gonzalez, Jaime Rafael"]
[Result "1-0"]
[WhiteElo "1782"]
[BlackElo "1473"]
[PlyCount "159"]

1. c4 e5 2. Nc3 c5 3. e3 g6 4. Nge2 Nc6 5. d4 cxd4 6. exd4 exd4 7. Nxd4 Bg7 8.
Ndb5 Bxc3+ 9. Nxc3 b6 10. Be2 Nge7 11. Bg5 O-O 12. Nd5 f6 13. Nxf6+ Kg7 14. Ng4
d5 15. Bh6+ Kg8 16. Bxf8 Kxf8 17. O-O dxc4 18. Qxd8+ Nxd8 19. Ne5 c3 20. bxc3
Bf5 21. Bf3 Rc8 22. Rfd1 Nf7 23. Nd7+ Kg7 24. Re1 Ng8 25. Rad1 Rxc3 26. Ne5 Rc7
27. Nxf7 Rxf7 28. Bd5 Rc7 29. h3 h5 30. f3 Nf6 31. Bb3 a5 32. g4 hxg4 33. hxg4
Nxg4 34. fxg4 Bxg4 35. Rd4 Bf5 36. Rd6 b5 37. a4 bxa4 38. Bxa4 Rb7 39. Rd5 Rb2
40. Rxa5 Ra2 41. Ra7+ Kh6 42. Ree7 Kg5 43. Bb3 Rb2 44. Be6 Bg4 45. Bxg4 Kxg4
46. Rg7 Rb1+ 47. Kf2 Rb2+ 48. Ke3 Rb3+ 49. Kd2 Rb6 50. Ra4+ Kg5 51. Rd7 Rb2+
52. Kc3 Rb8 53. Rd5+ Kh6 54. Ra6 Rc8+ 55. Kd4 Rg8 56. Ke4 Rb8 57. Rdd6 Rb4+ 58.
Kd5 Rb5+ 59. Ke6 Rc5 60. Kf6 Rc1 61. Ra8 Rf1+ 62. Ke7 Kg7 63. Re8 Ra1 64. Kd7
Kh6 65. Ree6 Rg1 66. Ke8 Kh5 67. Kf7 g5 68. Rh6+ Kg4 69. Kg6 Rb1 70. Rd4+ Kg3
71. Kxg5 Rb5+ 72. Kf6 Rb6+ 73. Kg7 Rb7+ 74. Kf8 Rb8+ 75. Ke7 Kf3 76. Rh3+ Ke2
77. Rg4 Rb7+ 78. Kd6 Kf2 79. Ra3 Rb6+ 80. Kc5 1-0

[Event "Tournoi Skype 028A"]
[Site "Skype"]
[Date "????.??.??"]
[Round "5.18"]
[White "Hahnewald, Uwe"]
[Black "Leyton Calderon, Jairo Oswaldo"]
[Result "1-0"]
[WhiteElo "1823"]
[BlackElo "1526"]
[PlyCount "65"]

1. c4 Nf6 2. Nc3 g6 3. d4 Bg7 4. Nf3 O-O 5. Bg5 d6 6. e3 Nbd7 7. Be2 c6 8. Qc2
Qc7 9. Rc1 e5 10. O-O Re8 11. dxe5 dxe5 12. Nd2 Nc5 13. b4 Ne6 14. Bxf6 Bxf6
15. Nde4 Be7 16. c5 f5 17. Nd2 e4 18. Rfd1 Nf8 19. Bc4+ Be6 20. Ne2 Rad8 21.
Qb3 Qe5 22. Nf4 Bf6 23. Bxe6+ Nxe6 24. Nc4 Rxd1+ 25. Rxd1 Qc3 26. Nd6 Qxb3 27.
axb3 Re7 28. Nxe6 Rxe6 29. Nxb7 Bc3 30. Nd8 Rf6 31. Rd6 Rxd6 32. cxd6 Bxb4 33.
d7 1-0

[Event "Tournoi Skype 028A"]
[Site "Skype"]
[Date "????.??.??"]
[Round "5.19"]
[White "Saponara, Jose Maria"]
[Black "Legueltel, Daniel"]
[Result "1-0"]
[WhiteElo "1524"]
[BlackElo "1753"]
[PlyCount "53"]

1. e4 e5 2. Nf3 Nc6 3. d4 exd4 4. Bc4 Bc5 5. c3 dxc3 6. Bxf7+ Kxf7 7. Qd5+ Ke8
8. Qxc5 d6 9. Qxc3 Nf6 10. O-O Bg4 11. Bg5 Bxf3 12. Qxf3 Rf8 13. Qb3 Qc8 14.
Nc3 Rf7 15. Rfe1 Kf8 16. h3 Nd4 17. Qd1 Ne6 18. Bxf6 Rxf6 19. Nd5 Rg6 20. Qf3+
Ke8 21. e5 c6 22. Rac1 Qd7 23. Nf4 Nxf4 24. Qxf4 d5 25. Rc3 Rc8 26. Rf3 Qe6 27.
Qf8+ 1-0

[Event "Tournoi Skype 028A"]
[Site "Skype"]
[Date "????.??.??"]
[Round "5.20"]
[White "Zenini, Simone"]
[Black "Rapaire, Jean-Michel"]
[Result "0-1"]
[WhiteElo "1489"]
[BlackElo "1742"]
[PlyCount "66"]

1. e4 c5 2. Nf3 d6 3. d4 cxd4 4. Qxd4 Nc6 5. Bb5 Bd7 6. Bxc6 bxc6 7. Nc3 Qb6 8.
Qd3 Nf6 9. O-O g6 10. b3 Bg7 11. Bb2 O-O 12. Na4 Qc7 13. c4 c5 14. Nc3 Bc6 15.
Rfe1 a5 16. Nd5 Bxd5 17. exd5 a4 18. Qe2 axb3 19. axb3 Rxa1 20. Rxa1 Rb8 21.
Qc2 Qb7 22. Ra3 Qb4 23. Nd2 Ne4 24. Nf3 Bxb2 25. Qxb2 Qxc4 26. bxc4 Rxb2 27.
Re3 f5 28. g3 Kf7 29. Ne1 Nxf2 30. Rf3 Ng4 31. h3 Ne5 32. Rf4 Rb1 33. Kf2 Rxe1
0-1

[Event "Tournoi Skype 028A"]
[Site "Skype"]
[Date "????.??.??"]
[Round "5.22"]
[White "Mulrooney, Justin"]
[Black "Couto, Januario"]
[Result "0-1"]
[WhiteElo "1626"]
[BlackElo "1387"]
[PlyCount "50"]

1. d4 f5 2. c4 Nf6 3. Nc3 g6 4. Nf3 Bg7 5. e3 O-O 6. Bd3 d6 7. O-O Qe8 8. Re1
e5 9. e4 fxe4 10. Nxe4 Nxe4 11. Bxe4 Nd7 12. dxe5 dxe5 13. Ng5 Nf6 14. Bd5+
Nxd5 15. Qxd5+ Kh8 16. Re4 Bf5 17. Rh4 h6 18. Nf3 c6 19. Qd1 Rd8 20. Qb3 Rd3
21. Qa4 b5 22. cxb5 cxb5 23. Qb4 Rd1+ 24. Ne1 Qe7 25. Qc3 Qxh4 0-1

[Event "Tournoi Skype 028A"]
[Site "Skype"]
[Date "????.??.??"]
[Round "5.23"]
[White "Abate, Leonardo"]
[Black "Serrano Serrano, Samuel"]
[Result "0-1"]
[WhiteElo "1342"]
[BlackElo "1600"]
[PlyCount "132"]

1. e4 c6 2. d4 d5 3. Nc3 dxe4 4. Nxe4 Bf5 5. Ng3 Bg6 6. Nf3 Nf6 7. Bd3 Bxd3 8.
Qxd3 e6 9. O-O Bd6 10. Bg5 Nbd7 11. Ne4 Be7 12. Rae1 Qc7 13. Ne5 O-O 14. Nxd7
Qxd7 15. Nxf6+ gxf6 16. Bh6 Kh8 17. Bxf8 Rxf8 18. Re3 f5 19. Rh3 Rg8 20. f4 Bf6
21. c3 Qd5 22. Rff3 Qxa2 23. Rfg3 Qa1+ 24. Qf1 Qxb2 25. Rxg8+ Kxg8 26. Qd1 Bg7
27. Rd3 a5 28. Rd2 Qxc3 29. Rd3 Qc4 30. g4 fxg4 31. Rg3 f5 32. h3 Bxd4+ 33. Kh2
h5 34. Ra3 b6 35. Ra4 Bg1+ 36. Kxg1 Qc5+ 37. Kf1 Qd5 38. Qxd5 exd5 39. h4 Kf7
40. Ke2 Ke6 41. Kd3 Kd6 42. Ra2 c5 43. Re2 b5 44. Re5 a4 45. Kc2 b4 46. Rxf5 c4
47. Rxh5 a3 48. Rh6+ Kc5 49. f5 b3+ 50. Kc1 c3 51. Ra6 a2 52. f6 b2+ 53. Kc2
b1=Q+ 54. Kxc3 a1=Q+ 55. Rxa1 Qxa1+ 56. Kd2 Qxf6 57. Ke2 g3 58. Kd2 d4 59. Kd3
Qf3+ 60. Kc2 Qc3+ 61. Kb1 g2 62. Ka2 Qc4+ 63. Kb2 Qb5+ 64. Ka2 Kc4 65. Ka1
g1=Q+ 66. Ka2 Qb3# 0-1

[Event "Tournoi Skype 028A"]
[Site "Skype"]
[Date "????.??.??"]
[Round "5.24"]
[White "Gokcek, Cagri"]
[Black "Thoune, Jim"]
[Result "0-1"]
[WhiteElo "1320"]
[BlackElo "1598"]
[PlyCount "77"]

1. e4 e6 2. d4 d5 3. e5 c5 4. c3 Nc6 5. Nf3 Bd7 6. Nbd2 cxd4 7. cxd4 Qc7 8. Nb3
Nge7 9. Bd3 Nb4 10. Bb1 Bb5 11. a3 Nbc6 12. Bd3 Ba4 13. O-O Ng6 14. Re1 Na5 15.
Bc2 Rc8 16. Nc5 Bxc2 17. Qxc2 Bxc5 18. Qa4+ Nc6 19. dxc5 O-O 20. b4 a6 21. Bb2
Qd7 22. Rad1 Ncxe5 23. Qxd7 Nxd7 24. h4 Rfe8 25. g4 f6 26. h5 Ngf8 27. g5 Kf7
28. Kg2 b5 29. Kg3 Nb8 30. Kg4 Nc6 31. gxf6 gxf6 32. Nh4 Nd7 33. f4 a5 34. f5
axb4 35. fxe6+ Rxe6 36. Rxe6 Kxe6 37. Re1+ Kf7 38. Nf5 Rg8+ 39. Kf4 0-1

[Event "Tournoi Skype 028A"]
[Site "Skype"]
[Date "????.??.??"]
[Round "5.25"]
[White "Alvarez, Juan Evangelista"]
[Black "Pasasin, Alejandro"]
[Result "1-0"]
[WhiteElo "1575"]
[BlackElo "1329"]
[PlyCount "82"]

1. d4 Nf6 2. Bf4 g6 3. Nf3 Bg7 4. e3 O-O 5. Bd3 d6 6. h3 Nc6 7. c3 Nd7 8. Nbd2
e5 9. dxe5 dxe5 10. Bh2 Nc5 11. Bb5 Nd3+ 12. Bxd3 Qxd3 13. Qe2 Qd8 14. O-O-O
Bf5 15. Nc4 Qe7 16. g4 Be4 17. Ncd2 Bd5 18. c4 Be6 19. e4 Nb4 20. a3 Nc6 21.
Rhg1 a5 22. h4 f6 23. g5 f5 24. exf5 Bxf5 25. Ne4 Bxe4 26. Qxe4 Rf4 27. Bxf4
Re8 28. Be3 Nd4 29. Nxd4 exd4 30. Qd5+ Kf8 31. Bxd4 Bxd4 32. Qxd4 c6 33. Qh8+
Kf7 34. Qxh7+ Kf8 35. Qh8+ Kf7 36. Qf6+ Qxf6 37. gxf6 Kxf6 38. Rd6+ Kf5 39.
Rdxg6 Ke5 40. Re1+ Kd4 41. Rxe8 Kc5 1-0

[Event "Tournoi Skype 028A"]
[Site "Skype"]
[Date "????.??.??"]
[Round "5.26"]
[White "Sharma, Akash"]
[Black "Hurtado De Mendoza, Ramon Miguel"]
[Result "0-1"]
[WhiteElo "1181"]
[BlackElo "1549"]
[PlyCount "122"]

1. e4 d5 2. exd5 Nf6 3. Nc3 Nxd5 4. Nxd5 Qxd5 5. d4 Bf5 6. Nf3 e6 7. c4 Qd8 8.
Be2 Be7 9. O-O c6 10. Qb3 Qc7 11. Be3 Nd7 12. d5 Nf6 13. dxc6 bxc6 14. Nd4 Bg6
15. Bf3 Be4 16. Nxe6 fxe6 17. Bxe4 Nxe4 18. c5 Kf7 19. Qc4 Nf6 20. Bf4 Qc8 21.
Rad1 Nd5 22. Be5 Re8 23. Rd3 Bf6 24. f4 Kg8 25. Rh3 Bxe5 26. fxe5 Qd7 27. a4
Rab8 28. b3 g6 29. Rhf3 Rf8 30. h4 Qg7 31. Qe4 Rxf3 32. Rxf3 Rb4 33. Qe2 Rxh4
34. Qa6 Qd7 35. Qa5 Re4 36. Rd3 Rxe5 37. b4 Re1+ 38. Kf2 Rb1 39. b5 cxb5 40. c6
Rb2+ 41. Kf1 Qc7 42. Qxc7 Nxc7 43. Rd8+ Kg7 44. Rd7+ Kh6 45. Rxc7 bxa4 46. Rxa7
Rc2 47. Rxa4 Rxc6 48. Ra5 g5 49. Kf2 Kg6 50. g4 h6 51. Kf3 Rd6 52. Ke4 h5 53.
gxh5+ Kxh5 54. Kf3 Rd5 55. Ra8 Rf5+ 56. Kg3 Rf4 57. Rh8+ Kg6 58. Rg8+ Kf5 59.
Rf8+ Ke4 60. Rxf4+ gxf4+ 61. Kf2 Kd3 0-1

[Event "Tournoi Skype 028A"]
[Site "Skype"]
[Date "????.??.??"]
[Round "5.27"]
[White "Aranzubia, Desiderio"]
[Black "L'Herbon De Lussats, Jean"]
[Result "1-0"]
[WhiteElo "1548"]
[BlackElo "1272"]
[PlyCount "113"]

1. d4 Nf6 2. c4 e6 3. Nf3 c5 4. Nc3 cxd4 5. Nxd4 Bc5 6. a3 a5 7. e3 Nc6 8. Nxc6
bxc6 9. Be2 O-O 10. O-O Bb7 11. Bf3 d5 12. cxd5 cxd5 13. Qc2 Qc7 14. b3 Rac8
15. Bb2 Rfd8 16. Na4 Bd6 17. Qxc7 Rxc7 18. Rac1 d4 19. Rxc7 Bxc7 20. Bxb7 d3
21. Rd1 Ng4 22. h3 Bh2+ 23. Kf1 Ne5 24. Ba6 d2 25. g3 Nf3 26. Be2 Ng1 27. Bc4
Nxh3 28. Kg2 Bg1 29. Kxh3 Bxf2 30. Kg2 Bxe3 31. Kf3 Bg5 32. Bc3 h5 33. Bxa5 Rd4
34. Nc3 h4 35. Ne4 Bh6 36. gxh4 g6 37. Bxd2 Bxd2 38. Rxd2 Rxd2 39. Nxd2 Kg7 40.
a4 Kf6 41. a5 Ke5 42. a6 f5 43. a7 Kd4 44. a8=Q e5 45. Qd5+ Kc3 46. Qxe5+ Kxd2
47. Qf6 Kc2 48. Qxg6 Kc3 49. Qxf5 Kb4 50. h5 Kc3 51. h6 Kb2 52. h7 Ka3 53. h8=Q
Ka2 54. Qc2+ Ka3 55. Qcc3 Ka2 56. Qh2+ Ka3 57. Qhb2# 1-0

[Event "Tournoi Skype 028A"]
[Site "Skype"]
[Date "????.??.??"]
[Round "5.28"]
[White "Casey, Eamonn"]
[Black "Ram, Madhukesh"]
[Result "0-1"]
[WhiteElo "1538"]
[BlackElo "1243"]
[PlyCount "72"]

1. d4 Nf6 2. c4 g6 3. Nc3 Bg7 4. e4 d6 5. Be2 O-O 6. Be3 e5 7. d5 Nbd7 8. Nf3
Ne8 9. O-O f5 10. exf5 gxf5 11. Bg5 Nef6 12. g3 h6 13. Bh4 Qe8 14. Nb5 Qd8 15.
Nc3 a6 16. Qc2 e4 17. Nd4 Ne5 18. Bh5 Nxc4 19. Bg6 Ne5 20. Bxf5 Bxf5 21. Nxf5
Qd7 22. Bxf6 Qxf5 23. Bxe5 Bxe5 24. Qxe4 Bxc3 25. Qxf5 Rxf5 26. bxc3 Rxd5 27.
Rfe1 Kf7 28. Re3 Re8 29. Rae1 Rxe3 30. Rxe3 Rd2 31. a4 d5 32. Rf3+ Kg7 33. Rf4
Rd3 34. Rd4 Rxd4 35. cxd4 b5 36. axb5 a5 0-1

[Event "Tournoi Skype 028A"]
[Site "Skype"]
[Date "????.??.??"]
[Round "5.29"]
[White "Lovell, Stan"]
[Black "Mitrani, Alberto"]
[Result "1/2-1/2"]
[WhiteElo "1651"]
[BlackElo "1482"]
[PlyCount "38"]

1. d4 g6 2. Nf3 Nf6 3. Bf4 Bg7 4. Nc3 d6 5. e4 Nbd7 6. Qd2 c6 7. Be2 b5 8. Bh6
Bxh6 9. Qxh6 b4 10. e5 bxc3 11. exf6 cxb2 12. Rb1 Nxf6 13. Rxb2 Qa5+ 14. Qd2
Qxd2+ 15. Nxd2 O-O 16. O-O Bf5 17. Rfb1 Nd5 18. Bf3 Rac8 19. Re1 Rc7 1/2-1/2

[Event "Tournoi Skype 028A"]
[Site "Skype"]
[Date "????.??.??"]
[Round "5.30"]
[White "Vasquez, Oscar"]
[Black "Sauvaget, Joel"]
[Result "1-0"]
[WhiteElo "1585"]
[BlackElo "1290"]
[PlyCount "71"]

1. e4 e5 2. Nf3 d6 3. d4 exd4 4. Nxd4 Nf6 5. Nc3 a6 6. Be2 Be7 7. O-O O-O 8.
Be3 Bd7 9. f4 Nc6 10. Nf3 Ng4 11. Bd2 Re8 12. h3 Nf6 13. Kh1 Nh5 14. Qe1 Bf8
15. Bc4 Qe7 16. Ng5 Nf6 17. Bxf7+ Kh8 18. Bxe8 Rxe8 19. Qe2 h6 20. Nf3 Nxe4 21.
Nxe4 Qxe4 22. Qxe4 Rxe4 23. Rae1 Bf5 24. Rxe4 Bxe4 25. c3 Kg8 26. Be3 Ne7 27.
Nd4 c5 28. Nf3 Nf5 29. Bf2 d5 30. Nd2 Bd3 31. Re1 c4 32. Re5 Ne7 33. Bc5 Kf7
34. Bxe7 Bxe7 35. Rxd5 Ke6 36. Re5+ 1-0

[Event "Tournoi Skype 028A"]
[Site "Skype"]
[Date "????.??.??"]
[Round "5.31"]
[White "Davis, Michael"]
[Black "Perrone, Gabriel Lorenzo"]
[Result "0-1"]
[WhiteElo "1530"]
[BlackElo "1377"]
[PlyCount "62"]

1. d4 Nf6 2. c4 d5 3. Nc3 c6 4. Nf3 g6 5. Bf4 Bg7 6. e3 Bg4 7. Be2 Nbd7 8. cxd5
Nxd5 9. Nxd5 cxd5 10. Qb3 Qa5+ 11. Qc3 Qxc3+ 12. bxc3 Rc8 13. Kd2 Nf6 14. Bb5+
Bd7 15. Bxd7+ Nxd7 16. Kd3 O-O 17. Rab1 b6 18. Nd2 Nf6 19. f3 e6 20. e4 Rfe8
21. Rhc1 Nh5 22. g3 Nxf4+ 23. gxf4 Bh6 24. Ke3 f6 25. e5 Rf8 26. c4 fxe5 27.
cxd5 exd5 28. Rxc8 Bxf4+ 29. Kd3 Rxc8 30. dxe5 Bxe5 31. h3 Kg7 0-1

[Event "Tournoi Skype 028A"]
[Site "Skype"]
[Date "????.??.??"]
[Round "5.32"]
[White "Violette, Didier"]
[Black "Khunte, Aniruddha"]
[Result "1-0"]
[WhiteElo "1520"]
[BlackElo "1174"]
[PlyCount "75"]

1. e4 c5 2. Nf3 d6 3. d4 cxd4 4. Nxd4 Nf6 5. Nc3 g6 6. Bg5 Bg7 7. Qd2 Nc6 8.
O-O-O Qa5 9. f4 h6 10. Nb3 Qb6 11. Bxf6 exf6 12. Qxd6 Qe3+ 13. Qd2 Qb6 14. Qd6
Qe3+ 15. Kb1 Bg4 16. Qd2 Qb6 17. Be2 Bxe2 18. Qxe2 O-O 19. Nd5 Qd8 20. g4 Re8
21. f5 Na5 22. Nc5 Rc8 23. Na4 Rc4 24. Nac3 Rc8 25. h4 Nc4 26. Rh3 Nb6 27. Rhd3
Nxd5 28. Rxd5 Qb6 29. Qd3 Bf8 30. Rd7 Ba3 31. Nb5 Bxb2 32. fxg6 fxg6 33. Kxb2
a6 34. Qb3+ Kh8 35. Nd6 Rxc2+ 36. Kxc2 Qc6+ 37. Nc4 Qxe4+ 38. Kb2 1-0

[Event "Tournoi Skype 028A"]
[Site "Skype"]
[Date "????.??.??"]
[Round "5.33"]
[White "Vilas Boas, Crisolon Terto"]
[Black "Garcia Diaz, Jose"]
[Result "0-1"]
[WhiteElo "1488"]
[BlackElo "1513"]
[PlyCount "99"]

1. d4 d5 2. Nf3 h6 3. h3 Nf6 4. Bf4 Bf5 5. Nc3 c6 6. e3 e6 7. Bd3 Ne4 8. Bxe4
Bxe4 9. Nxe4 dxe4 10. Ne5 Nd7 11. O-O Qf6 12. Nxd7 Kxd7 13. Be5 Qg6 14. c4 f6
15. Bh2 Bd6 16. d5 Bxh2+ 17. Kxh2 Rhd8 18. dxe6+ Kxe6 19. Qb3 Rd7 20. c5+ Ke7
21. Rad1 Rad8 22. Rxd7+ Rxd7 23. Rd1 Rxd1 24. Qxd1 Qf5 25. Qd6+ Kf7 26. Kg1 Qe5
27. Qxe5 fxe5 28. Kf1 Ke6 29. Ke2 Kd5 30. b4 Kc4 31. a3 Kb3 32. f3 exf3+ 33.
gxf3 Kxa3 34. Kd3 Kxb4 35. Ke4 a5 36. Kxe5 a4 37. Kd6 a3 38. e4 a2 39. e5 a1=Q
40. e6 Qd4+ 41. Ke7 Qf6+ 42. Kd7 Qxf3 43. e7 Qxh3+ 44. Kc7 Qe6 45. e8=Q Qxe8
46. Kb6 Qd8+ 47. Kxb7 Qd7+ 48. Kb6 Qd5 49. Ka6 Qxc5 50. Kb7 0-1

[Event "Tournoi Skype 028A"]
[Site "Skype"]
[Date "????.??.??"]
[Round "5.34"]
[White "Cayo, Ana Carolina"]
[Black "Asterio Dos Santos, Douglas"]
[Result "1-0"]
[WhiteElo "1214"]
[BlackElo "1503"]
[PlyCount "86"]

1. d4 e6 2. Bf4 d6 3. e3 Nf6 4. Nf3 b6 5. Bd3 Bb7 6. Nbd2 g6 7. O-O Bg7 8. Qe2
O-O 9. c3 Nbd7 10. Ba6 Qc8 11. Bxb7 Qxb7 12. e4 c5 13. Bxd6 Rfe8 14. Rfe1 Qc6
15. e5 Nd5 16. Rac1 Nc7 17. Qe4 Qxe4 18. Nxe4 Nb5 19. dxc5 Nxc5 20. Nxc5 bxc5
21. Bxc5 Red8 22. Rcd1 Bf8 23. Bxf8 Kxf8 24. Nd4 Nxd4 25. Rxd4 Rac8 26. Red1
Ke7 27. Rxd8 Rxd8 28. Rxd8 Kxd8 29. Kf1 Kc7 30. Ke2 Kc6 31. Kd3 Kd5 32. f4 h6
33. b4 g5 34. g3 a6 35. a4 Kc6 36. c4 Kb6 37. Kd4 Kc6 38. b5+ axb5 39. axb5+
Kb6 40. h3 gxf4 41. gxf4 h5 42. h4 Ka5 43. Kc5 Ka4 1-0